header

Tech-noir film (Record no. 225792)

MARC details
000 -LEADER
fixed length control field 01164nam a2200301 a 4500
100 1# - MAIN ENTRY--AUTHOR NAME
Personal name Auger, Emily E.
245 10 - TITLE STATEMENT
Title Tech-noir film
260 ## - PUBLICATION, DISTRIBUTION, ETC. (IMPRINT)
Place of publication Bristol :
Name of publisher Intellect,
Year of publication 2011.
300 ## - PHYSICAL DESCRIPTION
Number of Pages 492 p.
500 ## - GENERAL NOTE
General note Includes filmography.
650 #0 - SUBJECT ADDED ENTRY--TOPICAL TERM
Topical Term Film noir
Topical Term Film genres.
856 40 - ELECTRONIC LOCATION AND ACCESS
Uniform Resource Identifier http://site.ebrary.com/lib/rucke/Doc?id=10483609

No items available.

© 2026 Rongo University
Contact us: librarian | system librarian | Rongo university